000
00309nam a22001217a 4500
008
160510b xxu||||| |||| 00| 0 eng d
020
_a
9788131525579
020
_a
8131525570
041
_a
eng
080
_a
54
245
_a
Principles of instrumental analysis:
_c
Douglas Skoog; James Holler;
942
_2
udc
_c
BK
999
_c
1976
_d
1976